| 000 | 01136nam a22002777a 4500 | ||
|---|---|---|---|
| 005 | 20101206113148.0 | ||
| 008 | 101206t xxu||||| |||| 00| 0 hin d | ||
| 010 | _aHIN-93239 | ||
| 020 |
_c150.00 _a8188913243 |
||
| 035 | _aHN-65585 | ||
| 037 | _bDBAD/PUB | ||
| 040 |
_aDPL _bHN |
||
| 082 | _a808.883 | ||
| 100 |
_924598 _aशाह, साधना |
||
| 245 |
_aसुधि ब्रजवासिन कीः _cसाधना शाह _bब्रज मंडल की यात्रा डायरी / |
||
| 246 |
_aSudhi brijwasin ki _bby Sadhna Shah |
||
| 260 |
_aदिल्ली _bग्रंथ सदन _c2011 |
||
| 270 |
_bदिल्ली _a27/109-ए/3, ज्वाला नगर _e110032 |
||
| 300 |
_a96पृ. _c22सेमी (सजिल्द) _bसचित्र |
||
| 650 | _91169 | ||
| 650 | _929580 | ||
| 700 | _924599 | ||
| 700 | _924924 | ||
| 942 |
_2ddc _cHN _mशाहसा _h808.883 |
||
| 999 |
_c53957 _d53957 |
||